|
|
|
|
| LEADER |
00000nam0a2200000 4500 |
| 001 |
121486 |
| 005 |
20231031125415.0 |
| 010 |
|
|
|a 5256002503
|
| 020 |
|
|
|a RU
|b 90-21663
|
| 035 |
|
|
|a (RuTPU)RU\TPU\book\131564
|
| 090 |
|
|
|a 121486
|
| 100 |
|
|
|a 20070914d1990 km y0rusy5003 ca
|
| 101 |
0 |
|
|a rus
|
| 102 |
|
|
|a RU
|
| 105 |
|
|
|a a z 001zy
|
| 200 |
1 |
|
|a Комплект БИС К1804 в процессорах и контроллерах
|g Под ред. В. Б. Смолова
|
| 210 |
|
|
|a Москва
|c Радио и связь
|d 1990
|
| 215 |
|
|
|a 255 с.
|c ил.
|
| 300 |
|
|
|a Авт. указаны на обороте тит. л.
|
| 320 |
|
|
|a Библиогр.: с. 253-254 (29 назв.).
|
| 610 |
1 |
|
|a микроэлектронные схемы интегральные большие
|
| 610 |
1 |
|
|a микропроцессоры
|
| 610 |
1 |
|
|a микроконтроллеры
|
| 610 |
1 |
|
|a электроника
|
| 610 |
1 |
|
|a микропрограммное управление
|
| 610 |
1 |
|
|a инструментальные средства
|
| 675 |
|
|
|a 621.382.049.771
|z rus
|
| 702 |
|
1 |
|a Смолов
|b В. Б.
|g Владимир Борисович
|4 340
|
| 801 |
|
0 |
|a RU
|b RuMRKP
|c 19950417
|g psbo
|
| 801 |
|
1 |
|a RU
|b 63413507
|c 20070914
|g PSBO
|
| 801 |
|
2 |
|a RU
|b 63413507
|c 20080923
|g PSBO
|
| 942 |
|
|
|c BK
|